ბათუმის შოთა რუსთაველის სახელმწიფო უნივერსიტეტის ბიბლიოთეკა

конечномерный линейный анализ в задачахn (ბიბ.ჩანაწერი № 39156)

000 -LEADER
fixed length control field 00547nam a2200193Ia 4500
001 - CONTROL NUMBER
control field 5739
003 - CONTROL NUMBER IDENTIFIER
control field GE_BSU
008 - FIXED-LENGTH DATA ELEMENTS--GENERAL INFORMATION
fixed length control field 181216s||||||||xx |||||||||||||| ||und||
040 ## - CATALOGING SOURCE
Transcribing agency GE_BSU
080 ## - UNIVERSAL DECIMAL CLASSIFICATION NUMBER
Universal Decimal Classification number 512.64+517.98
100 ## - MAIN ENTRY--PERSONAL NAME
Personal name Глазман и.м.,любич ю.и
245 ## - TITLE STATEMENT
Title конечномерный линейный анализ в задачахn
260 ## - PUBLICATION, DISTRIBUTION, ETC.
Place of publication, distribution, etc. Москва
260 ## - PUBLICATION, DISTRIBUTION, ETC.
Name of publisher, distributor, etc. Наука,
260 ## - PUBLICATION, DISTRIBUTION, ETC.
Date of publication, distribution, etc. 1969
300 ## - PHYSICAL DESCRIPTION
Extent 475 с.20см.
653 ## - INDEX TERM--UNCONTROLLED
Uncontrolled term конечномерный линейныйв задача
942 ## - ADDED ENTRY ELEMENTS (KOHA)
Koha item type წიგნი
ეგზემპლარები
Withdrawn status Lost status Damaged status Not for loan Date acquired Barcode Date last seen Price effective from Koha item type
        2018-12-17 16660 2018-12-17 2018-12-17 წიგნი